Little bear / (Record no. 3147)

MARC details
000 -LEADER
fixed length control field 00889nam a22002897a 4500
001 - CONTROL NUMBER
control field 3147
003 - CONTROL NUMBER IDENTIFIER
control field FISKH
005 - DATE AND TIME OF LATEST TRANSACTION
control field 20241119085543.0
008 - FIXED-LENGTH DATA ELEMENTS--GENERAL INFORMATION
fixed length control field 240214b cb ||||| |||| 00| 0 eng d
020 ## - INTERNATIONAL STANDARD BOOK NUMBER
International Standard Book Number 0590982311
040 ## - CATALOGING SOURCE
Original cataloging agency FISKH
Language of cataloging eng
Transcribing agency FISKH
Modifying agency FISKH
050 ## - LIBRARY OF CONGRESS CALL NUMBER
Classification number PZ7.M652
082 ## - DEWEY DECIMAL CLASSIFICATION NUMBER
Classification number 809
100 ## - MAIN ENTRY--PERSONAL NAME
Personal name Minarik, Else Holmelund
245 ## - TITLE STATEMENT
Title Little bear /
Remainder of title by Minarik, Else Holmelund : pictures by Sendak, Maurice
260 ## - PUBLICATION, DISTRIBUTION, ETC.
Place of publication, distribution, etc. New York :
Name of publisher, distributor, etc. Scholastic ,
Date of publication, distribution, etc. 1957
300 ## - PHYSICAL DESCRIPTION
Extent 63 pages :
Other physical details color illustrations ;
Dimensions 22 cm .
490 ## - SERIES STATEMENT
Series statement Little Bear
490 ## - SERIES STATEMENT
Series statement An I can read book
505 ## - FORMATTED CONTENTS NOTE
Formatted contents note G <br/>
520 ## - SUMMARY, ETC.
Summary, etc. Little Bear's four adventures include taking a trip to the moon and having a birthday party.
521 8# - TARGET AUDIENCE NOTE
Target audience note 370 <br/>
Source Lexile <br/>
521 8# - TARGET AUDIENCE NOTE
Target audience note G <br/>
Source Raz-Plus <br/>
650 ## - SUBJECT ADDED ENTRY--TOPICAL TERM
Topical term or geographic name entry element bears
Form subdivision fiction
700 ## - ADDED ENTRY--PERSONAL NAME
Personal name Sendak, Maurice
Relator term illustrator
942 ## - ADDED ENTRY ELEMENTS (KOHA)
Source of classification or shelving scheme Dewey Decimal Classification
Koha item type Books
Suppress in OPAC No
Holdings
Withdrawn status Lost status Source of classification or shelving scheme Damaged status Not for loan Collection Home library Current library Shelving location Date acquired Total Checkouts Full call number Barcode Date last seen Copy number Price effective from Koha item type
    Dewey Decimal Classification     Fiction Footprints International School Library Network Toul Kork Campus Footprints International School Library Network Toul Kork Campus TK Primary Library Room(4th Floor), Bookcase 7, Shelves 57-60, Dark Green Books 11/19/2024   MIN 809 PZ7.M652 FISTK03628 11/19/2024 2 11/19/2024 Books
    Dewey Decimal Classification     Fiction Footprints International School Library Network Toul Tom Poung Campus Footprints International School Library Network Toul Tom Poung Campus TTP Primary Green Bookshelves 02/14/2024   MIN 809 PZ7.M652 FISBK04258 02/14/2024 1 02/14/2024 Books
    Dewey Decimal Classification     Fiction Footprints International School Library Network Toul Tom Poung Campus Footprints International School Library Network Toul Tom Poung Campus TTP Primary Green Bookshelves 07/31/2025   MIN 809 PZ7.M652 FIS01744 07/31/2025 3 07/31/2025 Books